000 00864nam a2200217 i 4500
001 189779
003 ES-MaACL
005 20230906223543.0
008 191125s1981 sp |||| | spa d
110 2 _aFundación FOESSA.
_94303
245 1 0 _aInforme sociológico sobre el cambio político en España, 1975-1981
_b: IV informe Foessa /
_cFundación Foessa ; [director de la investigación, Juan J. Linz Storch de Gracia].
260 _aMadrid :
_bEuroamérica,
_c[1981]
300 _aXXIII, 658 p. ;
_c27 cm +
_e2 h. pleg.
490 1 _aColección Fundación Foessa ;
_v8
651 _aEspaña-
_xSituación social-
_y1975-1982.
_98507
651 4 _aEspaña-
_xHistoria-
_y1975-1982, Transición.
_9149272
700 0 _aLinz, Juan J.
_972470
830 0 _aColección Fundación Foessa ;
_v8
_9193406
852 _aES-MaACL
_jP-1086-8
999 _c189779
_d189779